000
00294nam a2200121Ia 4500
008
150201s2006 xx 000 0 und d
082
_a
5
_b
WEB
100
_a
Weber,Ron
245
_a
Information system control and audit
260
_b
Pearson
_a
N.Delhi
_c
2006
300
_a
1052p.
942
_2
ddc
_c
BK
999
_c
5659
_d
5659